Statistics for Do You Know Your Supercars #2

Click here to take the quiz!

General Stats

  • This quiz has been taken 13 times
  • The average score is 12 of 16

Answer Stats

Answer% Correct
Audi R8
91%
Ford GT
91%
Lexus LFA
91%
Porsche 911
91%
Bugatti Divo
82%
Lamborghini Aventador
82%
Pagani Zonda
82%
Tesla Model S
82%
Aston Martin Vantage
73%
BMW I8
73%
Bugatti EB110
73%
Lamborghini Centenario
73%
Koenigsegg CCX
55%
Pontiac Firebird
45%
Devel Sixteen
36%
DMC Delorean
36%

Score Distribution

Percentile by Number Answered

Percent of People with Each Score

Your Score History

You have not taken this quiz